Name The Best Current Player On Each NBA Team (2020-21) - Statistics

General Stats
  • This quiz has been taken 360 times
    195 since last reset
  • The average score is 23 of 30
Answer Stats
Team Players % Correct
Atlanta Hawks Trae Young
100%
Boston Celtics Jayson Tatum
99%
Brooklyn Nets Kevin Durant
98%
Golden State Warriors Stephen Curry
96%
Los Angeles Lakers LeBron James
95%
Dallas Mavericks Luka Doncic
95%
Denver Nuggets Nikola Jokic
94%
Milwaukee Bucks Giannis Antetokounmpo
93%
Miami Heat Jimmy Butler
93%
Charlotte Hornets LaMelo Ball
92%
Los Angeles Clippers Kawhi Leonard
89%
Memphis Grizzlies Ja Morant
88%
Phoenix Suns Devin Booker
87%
Utah Jazz Donovan Mitchell
87%
Chicago Bulls Zach LaVine
85%
Portland TrailBlazers Damian Lillard
84%
Minnesota TimberWolves Karl-Anthony Towns
84%
Philadelphia 76ers Joel Embiid
79%
Washington Wizards Bradley Beal
73%
Sacramento Kings De'Aaron Fox
73%
Oklahoma City Thunder Shai Gilgeous-Alexander
69%
New York Knicks Julius Randle
68%
New Orleans Pelicans Brandon Ingram
67%
San Antonio Spurs DeMar DeRozan
63%
Indiana Pacers Domantas Sabonis
59%
Toronto Raptors Kyle Lowry
59%
Cleveland Cavaliers Collin Sexton
47%
Detroit Pistons Jerami Grant
30%
Houston Rockets Christian Wood
28%
Orlando Magic Wendell Carter Jr.
21%
No matching quizzes found
Score Distribution
Percent of People with Each Score
Percentile by Number Answered
Your Score History
You have not taken this quiz since the last reset